| 000 | 00823nam a2200217Ia 4500 | ||
|---|---|---|---|
| 001 | 11727 | ||
| 003 | GE_BSU | ||
| 008 | 181216s||||||||xx |||||||||||||| ||und|| | ||
| 040 | _cGE_BSU | ||
| 080 | _a37.01(437)(092) | ||
| 100 | _aკომენსკი,იან ამოს. Komensky,Jan Amos. | ||
| 245 | _aრჩეული პედაგოგიური თხზულებანი. | ||
| 245 | _cრედ:დ.ლორთქიფანიძე; თარგმ:შალვა გვინიჩიძე. | ||
| 260 | _aთბილისი | ||
| 260 | _bცოდნა | ||
| 260 | _c1958 | ||
| 300 | _a606გვ;22სმ. | ||
| 300 | _bპირთა საძიებ.გვ:597 | ||
| 653 | _aრჩეული პედაგოგიური თხზულებანი. | ||
| 942 | _cBK | ||
| 999 |
_c44908 _d44908 |
||